000 00755nam a2200217Ii 4500
003 JO-AjNU
008 230605s9999||||xx |||||||||||||| ||und||
017 _a1987/1262
040 _aJO-AjNU
_bara
_erda
_cJO-AjNU
041 _aara
050 1 4 _aGV940 1987
100 3 _aزينل، عبد القادر,
_eauthor
_914285
245 0 0 _aحارس المرمى بين التكنيك والتكتيك
264 3 1 _aبغداد: د.ن، 1987
300 _a142ص
_bصور توضبحية
336 _atext
_btxt
_2rdacontent
337 _aunmediated
_bn
_2rdamedia
338 _avolume
_bnc
_2rdacarrier
490 0 _aاللجنة الاولمبية الوطنية العراقية
650 4 _aحارس المرمى - كرة القدم - الرياضة
_914286
999 _aA3773
_c7341
_d7341